| 000 | 00549nam a2200169Ia 4500 | ||
|---|---|---|---|
| 003 | GCL | ||
| 008 | 140319s9999 xx 000 0 ara d | ||
| 040 |
_aGCL / _cGCL |
||
| 082 | 0 | 4 |
_a811.9 _bا ل |
| 100 | 1 | _aاحمد طه | |
| 245 | 1 | 0 |
_aلاتفارق اسمى (هدية من الاديب عبدالفتاح الجمل) / _cاحمد طه |
| 300 | _a72 ص | ||
| 490 |
_aاصوات ادبية _v0 |
||
| 650 | 0 | 4 | _aالشعر العربى - دواوين وقصائد |
| 650 | 0 | 4 | _aالشعر العربى - العصر الحديث |
| 942 |
_2ddc _cBK |
||
| 999 |
_c40170 _d40170 |
||